Riconosci la Stato degli Stati Uniti - Quiz n°15 - Statistics

Statistiche generali
  • Questo quiz è stato fatto 6 volte
  • Il punteggio medio è 7 su 10
Statistiche sulle risposte
Indizio Risposta % Corretto
Iniziale della Capitale H
100%
Superficie 14 371 km²
80%
Fuso orario UTC-5
80%
Altitudine 0 - 725 m s.l.m.
60%
Numero stati confinanti 3
60%
Popolazione 3 605 944 ab.
60%
Rappresentanza parlamentare 5 Rappresentanti: 5 D 2 Senatori: Richard Blumenthal (D), Chris Murphy (D)
60%
Numero contee 8
60%
Data di istituzione 9 gennaio 1788
60%
Stato federale Connecticut
60%
Nessun quiz corrispondente trovato
Distribuzione punteggi
Percentuale di utenti per punteggio
Percentile per numero di risposta
I tuoi punteggi nel tempo
Non hai fatto questo quiz